TV Shows Seen on Friends Quiz Stats

 Plays Quiz Updated Jan 12, 2016

Challenge
Share
Tweet
Score 0/13 Timer 06:00
6 Plays Today
% Correct
Baywatch
98.9%
Wheel of Fortune
84.6%
Beavis and Butt-Head
84.1%
The Tonight Show with Jay Leno
82.8%
Days of our Lives
78%
Cheers
77.4%
Sesame Street
77.1%
Law & Order
73%
Family Matters
69.3%
Three's Company
56.2%
Pyramid
49.2%
Quincy, M.E.
34.8%
Entertainment Tonight
29.7%

You're not logged in!

Compare scores with friends on all Sporcle quizzes.
OR
Log In

You Might Also Like...

Show Comments

Extras

Top Quizzes Today


Score Distribution

Your Account Isn't Verified!

In order to create a playlist on Sporcle, you need to verify the email address you used during registration. Go to your Sporcle Settings to finish the process.

Report this User

Report this user for behavior that violates our Community Guidelines.

Details: